Križovatka. Vietor

Bibliographic Details
Main Author: Mišáková, Hana (Author)
Format: Article
Language:Slovak
PhysicalDescription:Fotogr. 1
ISSN:0862-5999
Subjects:

MARC

LEADER 00000nab a2200000 a 4500
001 vtls000646989
003 SK-MaSNL
005 20260302182250.0
008 140422c1997 xo 0 slo
015 |a SNBRB19rr/mm-uuuuu 
035 |a CL0647128 
040 |a SNKBUCL  |b slo  |c SNKBUCL  |e AACR2 
041 0 |a slo 
044 |a xo  |c SK 
080 |a 885.4-3  |2 1981 
100 1 |a Mišáková, Hana  |4 aut  |9 894011 
245 1 0 |a Križovatka. Vietor  |c Hana Mišáková 
300 |b Fotogr. 1 
650 0 7 |a prózy psychologické  |2 snkbucl  |9 893892 
655 7 |a články z novín a časopisov  |2 snkbucl  |9 267496 
773 0 |t Literárny týždenník  |g Roč. 10, č. 50 (1997), s. 5  |x 0862-5999 
850 |a Slovenská národná knižnica v Martine  |a MTA001 
852 |a SNK  |b KIS3GCP 
958 |a SK 
958 |a LX 
958 |a RK 
992 |a RBX 
999 |c 1417613  |d 1419543